000 00569nam a2200205 i 4500
001 46840
003 ES-MaACL
005 20230906161445.0
007 t|
008 030401s1963 sp a |||| | spa d
080 _a616.895.8
100 1 _aConrad, K.
_940218
245 1 3 _aLa esquizofrenia incipiente /
_cK. Conrad ; [versión por J. Morales Belda].
250 _a1ª ed.
260 _aMadrid :
_bAlhambra,
_c1963.
300 _a199 p. :
_bil. ;
_c23 cm.
650 0 4 _aEsquizofrenia.
_912510
700 1 _aMorales Belda, J.
_9161471
852 _aES-MaACL
_jC-24458
999 _c46840
_d46840